| 000 | 01167nam a2200193 i 4500 | ||
|---|---|---|---|
| 001 | 46715 | ||
| 003 | ES-MaACL | ||
| 005 | 20230906161432.0 | ||
| 007 | t| | ||
| 008 | 030331m19151916sp 10110 spa d | ||
| 110 | 2 |
_aAsociación Española para el Progreso de las Ciencias. _bCongreso ( _n5º. _d1915. _cValladolid) _91700 |
|
| 245 | 1 | 0 |
_aQuinto congreso celebrado en... Valladolid del 17 al 22 de octubre de 1915 / _cAsociación Española para el Progreso de las Ciencias. |
| 260 |
_aMadrid : _b[s.n.], _c1915-1916 ( _fImp. de Eduardo Arias) |
||
| 300 |
_a10 t. en 3 v. ; _c24 cm. |
||
| 505 | 8 | _a1. Discursos de apertura - 2. Conferencias de las secciones - 3. Sección I. Ciencias matemáticas - 4. Sección II. Astronomía y física del Globo - 5. Ciencias físico-químicas - 6. Sección IV. Ciencias naturales - 7. Sección V. Ciencias sociales - 8. Sección VI. Ciencias filosóficas, históricas y filológicas - 9. Sección VII. Ciencias médicas - 10. Sección VIII. Ciencias de aplicación | |
| 650 | 4 |
_aCiencias- _vCongresos y asambleas. _9147508 |
|
| 710 | 2 |
_aAsociación Española para el Progreso de las Ciencias. _91705 |
|
| 852 | 4 |
_aES-MaACL _jD-8666-68 |
|
| 999 |
_c46715 _d46715 |
||